000 00654nam a2200229Ia 4500
999 _c902
_d902
003 0100
008 130227s9999 xx 000 0 und d
040 _cARRUPELIB
050 _aDT23.B87 1969
245 _aAfrica
245 _bselected readings
260 _bHoughton Mifflin Company
_aBoston
_c1969
300 _axii
300 _b 276p. 22cm.
650 _bAfrica
_xAddresses
_931658
700 _aBurke, Fred G. ed.
_931659
942 _2lcc
_cMONOGRAPH